|
|
|
|
| LEADER |
00000n m0a2200000 4500 |
| 001 |
184404 |
| 005 |
20231031172225.0 |
| 035 |
|
|
|a (RuTPU)RU\TPU\book\199984
|
| 090 |
|
|
|a 184404
|
| 100 |
|
|
|a 20100907d1966 m y0rusy50 ca
|
| 101 |
0 |
|
|a rus
|
| 102 |
|
|
|a RU
|
| 105 |
|
|
|a y z 000zy
|
| 200 |
1 |
|
|a Методика расчета производственных мощностей инструментальных и ремонтно-механических цехов машиностроительных заводов
|f Центральное проектно-конструкторское и технологическое бюро (ЦПКТБ)
|
| 210 |
|
|
|a Москва
|d 1966
|
| 215 |
|
|
|a 91 с.
|
| 610 |
1 |
|
|a машиностроительные заводы
|
| 610 |
1 |
|
|a механические цеха
|
| 610 |
1 |
|
|a производственные мощности
|
| 610 |
1 |
|
|a ремонтно-механический комплекс
|
| 610 |
1 |
|
|a инструментальный комплекс
|
| 610 |
1 |
|
|a расчет
|
| 610 |
1 |
|
|a методическое руководство
|
| 610 |
1 |
|
|a мощности
|
| 675 |
|
|
|a 621.80:658.5
|v 3
|
| 712 |
0 |
2 |
|a Центральное проектно-конструкторское и технологическое бюро (ЦПКТБ)
|2 stltpush
|3 (RuTPU)RU\TPU\col\16896
|
| 801 |
|
1 |
|a RU
|b 63413507
|c 20100907
|
| 801 |
|
2 |
|a RU
|b 63413507
|c 20110117
|g RCR
|
| 942 |
|
|
|c BK
|